Exploration of plant materials for the control of Jute white mite polyphagotarsonemus latus (Banks) / (Record no. 8753)

MARC details
000 -LEADER
fixed length control field 01243nam a22002777a 4500
001 - CONTROL NUMBER
control field BD-DhSAU 8753
003 - CONTROL NUMBER IDENTIFIER
control field BD-DhSAU
005 - DATE AND TIME OF LATEST TRANSACTION
control field 20161026124213.0
008 - FIXED-LENGTH DATA ELEMENTS--GENERAL INFORMATION
fixed length control field 150612b2006 bg a|||| m||| 00| 0 eng d
040 ## - CATALOGING SOURCE
Original cataloging agency BD-DhSAU
082 ## - DEWEY DECIMAL CLASSIFICATION NUMBER
Edition number 22
Classification number 595.7
Item number Is43
100 ## - MAIN ENTRY--PERSONAL NAME
Personal name Islam, Muhammad Saiful
Relator term Registration no. # 23919/00167
245 ## - TITLE STATEMENT
Title Exploration of plant materials for the control of Jute white mite polyphagotarsonemus latus (Banks) /
Remainder of title MS thesis
Statement of responsibility, etc. Muhammad Saiful Islam
260 ## - PUBLICATION, DISTRIBUTION, ETC. (IMPRINT)
Place of publication, distribution, etc. Sher-e-Bangla Agricultural Uniersity :
Name of publisher, distributor, etc. Department of Entomology,
Date of publication, distribution, etc. 2006.
300 ## - PHYSICAL DESCRIPTION
Extent vi,70 p. :
Other physical details ill. ;
Dimensions 30 cm.
500 ## - GENERAL NOTE
General note MS thesis of Department of Entomology, Faculty of Agriculture, Sher-e-Bangla Agricultural University, Dhaka, Bangladesh
504 ## - BIBLIOGRAPHY, ETC. NOTE
Bibliography, etc Includes bibliographical reference.
590 ## - Name of Cataloguer
Name of Cataloger erfat <br/>
650 ## - SUBJECT ADDED ENTRY--TOPICAL TERM
Topical term or geographic name as entry element Entomology
650 ## - SUBJECT ADDED ENTRY--TOPICAL TERM
Topical term or geographic name as entry element Exploration of plant materials for the control of Jute white mite
650 ## - SUBJECT ADDED ENTRY--TOPICAL TERM
Topical term or geographic name as entry element Polyphagotarsonemus latus (Banks)
700 ## - ADDED ENTRY--PERSONAL NAME
Personal name Faruquzzaman, A K M
Relator term Superviser
700 ## - ADDED ENTRY--PERSONAL NAME
Personal name Latif, Md Abdul
Relator term Co-superviser
856 ## - ELECTRONIC LOCATION AND ACCESS
Uniform Resource Identifier <a href="http://archive.saulibrary.edu.bd:8080/handle/123456789/651">http://archive.saulibrary.edu.bd:8080/handle/123456789/651</a>
942 ## - ADDED ENTRY ELEMENTS (KOHA)
Source of classification or shelving scheme Dewey Decimal Classification
Koha item type MS Level Thesis
Holdings
Withdrawn status Lost status Source of classification or shelving scheme Damaged status Not for loan Collection code Home library Branch Name Shelving location Date acquired Total Checkouts Full call number Barcode Date last seen Price effective from Koha item type
    Dewey Decimal Classification   Not For Loan Reference SAU Library SAU Library Reference 13/06/2015   595.7 Is43 38857 13/06/2015 13/06/2015 MS Level Thesis